| 000 | 00993nam0a22002411 4500 | ||
|---|---|---|---|
| 001 | rc\398144 | ||
| 005 | 20260407141330.0 | ||
| 035 | _a(NLR Aleph) 005647143 | ||
| 090 |
_a6731349 _c6731349 |
||
| 100 | _a20030616d1989 |||y0rusy50 ca | ||
| 101 | 0 | _arus | |
| 102 | _aRU | ||
| 105 | _aa ||||||||| | ||
| 200 | 1 |
_aТиповые нормы времени на работы по ремонту трамвайных вагонов типа Т-3 _eУтв. Гос. ком. СССР по труду и социал. вопр. и Секретариатом ВЦСПС 17.10.88 |
|
| 210 |
_aМ. _cНИИ труда _d1989 |
||
| 215 |
_a296, [1] с. _cил. _d22 |
||
| 300 | _aВ надзаг.: Центр. бюро нормативов по труду | ||
| 712 | 0 | 1 |
_aСССР _bКомитет по труду и социальным вопросам _9515703 _3RU\NLR\AUTH\8810008985 |
| 801 | 0 |
_aRU _bNLR _gpsbo |
|
| 801 | 1 |
_aRU _bELAR _2rusmarc |
|
| 852 |
_aNLR _bПт _j86.31/276 |
||
| 942 | _cBOOK | ||
| 980 | _aNB | ||